LIBRARY ONLINE CATALOGUE

Costing / (Record no. 5717)

MARC details
000 -LEADER
fixed length control field 00713cam a22002412 4500
001 - CONTROL NUMBER
control field 0000002226
005 - DATE AND TIME OF LATEST TRANSACTION
control field 20151217151844.0
008 - FIXED-LENGTH DATA ELEMENTS--GENERAL INFORMATION
fixed length control field 070404s xx 000 0 eng d
020 ## - INTERNATIONAL STANDARD BOOK NUMBER
International Standard Book Number 0826461271 :
Terms of availability KES 713
040 ## - CATALOGING SOURCE
Original cataloging agency KABU
Transcribing agency KABU
050 #0 - LIBRARY OF CONGRESS CALL NUMBER
Classification number HF5686
Item number .C8L83 2002
100 1# - MAIN ENTRY--PERSONAL NAME
Personal name Lucey, Terry.
-- 0000156064
245 10 - TITLE STATEMENT
Title Costing /
Statement of responsibility, etc. T. Lucey.
250 ## - EDITION STATEMENT
Edition statement 6th ed.
260 ## - PUBLICATION, DISTRIBUTION, ETC. (IMPRINT)
Place of publication, distribution, etc. London ;
-- New York :
Name of publisher, distributor, etc. Continuum,
Date of publication, distribution, etc. 2002.
300 ## - PHYSICAL DESCRIPTION
Extent x, 609 p. ;
Dimensions 25 cm.
650 #0 - SUBJECT ADDED ENTRY--TOPICAL TERM
Topical term or geographic name as entry element Cost accounting.
-- 0000151497
908 ## - PUT COMMAND PARAMETER (RLIN)
Put command parameter 070404
950 ## - LOCAL HOLDINGS (RLIN)
-- 1
Holdings
Withdrawn status Lost status Source of classification or shelving scheme Not for loan Home library Current library Date acquired Total Checkouts Full call number Barcode Date last seen Price effective from Koha item type Cost, normal purchase price Total Renewals Date last checked out Copy number
    Library of Congress Classification   Kabarak, Main Campus Kabarak, Main Campus 17/12/2015   HF5686 .C8L83 2002 c. 3 005130 17/12/2015 17/12/2015 General Collection        
    Library of Congress Classification   Kabarak, Main Campus Kabarak, Main Campus 17/12/2015   HF5686 .C8L83 2002 c. 2   17/12/2015 17/12/2015 General Collection        
    Library of Congress Classification   Kabarak, Main Campus Kabarak, Main Campus 17/12/2015   HF5686 .C8L83 2002 c. 3   17/12/2015 17/12/2015 General Collection        
    Library of Congress Classification   Kabarak, Main Campus Kabarak, Main Campus 16/05/2018 2 HF5686 .C8L83 2002 c.4 024965 23/11/2023 16/05/2018 General Collection 1650.00 1 19/10/2023  
    Library of Congress Classification   Kabarak, Main Campus Kabarak, Main Campus 16/05/2018 3 HF5686 .C8L83 2002 c.5 024966 15/11/2021 16/05/2018 General Collection 1650.00 1 28/10/2021  
    Library of Congress Classification   Kabarak, Main Campus Kabarak, Main Campus 16/05/2018 4 HF5686 .C8L83 2002 c.6 024967 03/04/2024 16/05/2018 General Collection 1650.00   02/04/2024  
    Library of Congress Classification   Kabarak, Main Campus Kabarak, Main Campus 16/05/2018 6 HF5686 .C8L83 2002 c.7 024968 14/08/2023 16/05/2018 General Collection 1650.00   28/07/2023  
    Library of Congress Classification   Kabarak, Nakuru City Campus Kabarak, Nakuru City Campus 10/08/2018 3 HF5686 .C8L83 2002 c. 1 022067 20/07/2023 17/12/2015 General Collection 1740.00   20/07/2023 c. 1